000 00329 a2200145 4500
001 149464
040 _cEscola São Tomás de Aquino
100 _aRIBEIRO, Jonas
240 1 0 _aEm nome da paz
_lpor
245 1 0 _aEm nome da paz
362 0 _a1996
440 1 _aDimensão
697 _a*LITERATURA INFANTO JUVENIL
942 _cBK
999 _c149464
_d149464